Normal view
MARC view
- تحرير ومراجعه:احمد صقر عاشور؛اعداد وتعريب:احمد عبدالحليم،نادر ابو شيخة،اسماعيل السيد،ابراهيم محمود،عادل الجودة؛شارك في المراجعة:ربحي الحسن،رائدة زواتي
Entry Personal Name
001 - CONTROL NUMBER
- control field: 32873
003 - CONTROL NUMBER IDENTIFIER
- control field: JO-AjAnu
005 - DATE AND TIME OF LATEST TRANSACTION
- control field: 20230606075524.0
008 - FIXED-LENGTH DATA ELEMENTS
- fixed length control field: 230606|| aca||aabn | a|a d
040 ## - CATALOGING SOURCE
- Original cataloging agency: JO-AjAnu
- Transcribing agency: JO-AjAnu
100 ## - HEADING--PERSONAL NAME
- Personal name: تحرير ومراجعه:احمد صقر عاشور؛اعداد وتعريب:احمد عبدالحليم،نادر ابو شيخة،اسماعيل السيد،ابراهيم محمود،عادل الجودة؛شارك في المراجعة:ربحي الحسن،رائدة زواتي
670 ## - SOURCE DATA FOUND
- Source citation: Work cat.: (JO-AjAnu)16888: تحرير ومراجعه:احمد صقر عاشور؛اعداد وتعريب:احمد عبدالحليم،نادر ابو شيخة،اسماعيل السيد،ابراهيم محمود،عادل الجودة؛شارك في المراجعة:ربحي الحسن،رائدة زواتي, author, تدريبات وانشطة في تنمية المهارات الادارية:دليل المدرب